The Constitution At 67/ (Record no. 197327)

MARC details
000 -LEADER
fixed length control field 00434nam a22001697a 4500
005 - DATE AND TIME OF LATEST TRANSACTION
control field 20230912104608.0
010 ## - LCCN (DPL NO)
LC control number ENG-137851
020 ## - INTERNATIONAL STANDARD BOOK NUMBER
Terms of availability 1900.00
035 ## - SYSTEM CONTROL NUMBER
System control number EN-121383
037 ## - SOURCE OF ACQUISITION
Source of stock number/acquisition DBAD/PUB
082 ## - DEWEY DECIMAL CLASSIFICATION NUMBER
Classification number 342.54
245 ## - TITLE STATEMENT
Title The Constitution At 67/
260 ## - PUBLICATION, DISTRIBUTION, ETC. (IMPRINT)
Place of publication, distribution, etc New Delhi
Name of publisher, distributor, etc Supreme Court Of India
Date of publication, distribution, etc 202?
270 ## - ADDRESS
Address New Delhi
City New Delhi
300 ## - PHYSICAL DESCRIPTION
Extent 216p.
Dimensions 30cm(Hb)
942 ## - ADDED ENTRY ELEMENTS (KOHA)
Source of classification or shelving scheme Dewey Decimal Classification
Item type English Books
Classification part 342.54
Call number suffix THE
Holdings
Withdrawn status Lost status Not for loan Collection code Home library Current library Date acquired Source of acquisition Cost, normal purchase price Full call number Barcode Copy number Cost, replacement price Koha item type
    Not For Loan Reference D.B.Act.Division Central Library 21/08/2023 DBAD/PUB 1900.00 342.54 THE EN-121383 1 1900.00 English Books

© Delhi Public Library
Hit Counter
free hit counter